000
00285nam a22001217a 4500
999
_c
13315
_d
13315
020
_a
0-439-16843-0
082
_a
909.82
_b
10390
100
_a
Armstrong, Jennifer
245
_a
The century for young people
260
_a
New York
_b
Scholastic Inc.
_c
1999
300
_a
245
942
_c
BK